| 000 | 00458nam a2200181Ia 4500 | ||
|---|---|---|---|
| 008 | 191130s2009##################000#0#eng## | ||
| 020 | _a9781847247858 | ||
| 040 |
_aACL _cACL |
||
| 082 | _a823.914 WEL | ||
| 100 | _aWeldon, Fay | ||
| 245 |
_aThe stepmother's diary _cFay Weldon |
||
| 260 |
_aLondon _bQuercus _c2009 |
||
| 300 | _a294 p. ; 20 cm | ||
| 650 | _aFiction | ||
| 990 | _ac0bb12c6ac10000c0aa384d03f8e6c4d | ||
| 991 | _a357037 | ||
| 999 |
_c71383 _d71383 |
||